The environment : a gift of god

Bibliographic Details
Other Authors: Abu Bakar Abdul Majeed, Shaikh Mohd. Saifuddeen Shaikh Mohd. Salleh
Format: Book
Published: KL : IKIM , 2004
Subjects:

MARC

LEADER 00000cam a2200000 7i4500
001 0000035127
005 20130121.0
008 130121
020 |a 9839099558 
090 0 0 |a 301.24308   |b ENV 
245 1 4 |a The environment :   |b a gift of god   |c translated by Abu Bakar Abdul Majeed; edited by Shaikh Mohd. Saifuddeen Shaikh Mohd. Salleh 
260 |a KL :   |b IKIM ,   |c 2004 
650 0 |a Science 
650 0 |a Technology 
700 1 |a Abu Bakar Abdul Majeed 
700 1 |a Shaikh Mohd. Saifuddeen Shaikh Mohd. Salleh 
999 |a 0001206834   |b Book   |c Adult Collection   |e Perbadanan Perpustakaan Awam Johor 
999 |a 0001442320   |b Book   |c Adult Collection   |e Cawangan Bandar Penawar